Březinovské studie /

Hlavní autor: Červenka, Miroslav, 1932-2005
Korporativní autor: Vysoká škola uměleckoprůmyslová
Další autoři: Holman, Petr, 1951-2019, Univerzita Karlova. Ústav české literatury a literární vědy
Jazyk: Čeština
Vydáno: Praha ; Litomyšl : Paseka, 2006
Vydání: Vyd. 1.
Edice: Scholares
Témata:
Fyzický popis: 142 s. ; 20 cm
Knihy
Uloženo v:
LEADER 02448nam a2200589 a 4500
001 nkc20061653924
003 CZ PrNK
005 20140609163028.0
007 ta
008 060504s2006 xr f 000 0 cze
015 |a cnb001653924 
020 |a 80-7185-801-3  |q (brož.) 
035 |a (OCoLC)85722483 
040 |a ABA001  |b cze 
045 |a w9x0 
072 7 |a 821.162.3.09  |x Česká literatura (o ní)  |2 Konspekt  |9 11 
080 |a 821.162.3-1  |2 MRF 
080 |a 81'42  |2 MRF 
080 |a 801.73  |2 MRF 
080 |a 82.07  |2 MRF 
080 |a (081)  |2 MRF 
100 1 |a Červenka, Miroslav,  |d 1932-2005  |7 jk01021682  |4 aut 
245 1 0 |a Březinovské studie /  |c Miroslav Červenka ; [edičně připravil, doslov a ediční poznámku napsal ... Petr Holman] 
250 |a Vyd. 1. 
260 |a Praha ;  |a Litomyšl :  |b Paseka,  |c 2006 
300 |a 142 s. ;  |c 20 cm 
490 1 |a Scholares ;  |v sv. 11 
500 |a Vychází v rámci semináře Nakladatelská praxe na Filozofické fakultě Univerzity Karlovy ve spolupráci s Vysokou školou uměleckoprůmyslovou v Praze 
500 |a Vydáno ve spolupráci s Ústavem české literatury a literární vědy FF UK 
504 |a Obsahuje bibliografie a bibliografické odkazy 
600 1 7 |a Březina, Otokar,  |d 1868-1929  |7 jk01020045  |2 czenas 
648 7 |a 1890-1918  |7 ch460673  |2 czenas 
650 0 7 |a česká poezie  |7 ph150471  |y 1890-1918  |2 czenas 
650 0 7 |a jazyková analýza  |7 ph137981  |2 czenas 
650 0 7 |a textová analýza  |7 ph126628  |2 czenas 
650 0 7 |a interpretace a přijetí literárního díla  |7 ph137145  |2 czenas 
650 0 9 |a Czech poetry  |y 1890-1918  |2 eczenas 
650 0 9 |a linguistic analysis  |2 eczenas 
650 0 9 |a textual criticism  |2 eczenas 
650 0 9 |a interpretation and reception of literature  |2 eczenas 
655 7 |a sborníky  |7 fd724345  |2 czenas 
655 9 |a collections of works  |2 eczenas 
700 1 |a Holman, Petr,  |d 1951-2019  |7 jn20001005497  |4 edt  |4 wfw 
710 2 |a Vysoká škola uměleckoprůmyslová  |7 kn20010709185 
710 2 |a Univerzita Karlova.  |b Ústav české literatury a literární vědy  |7 mzk2006340930 
830 0 |a Scholares  |0 s 
910 2 |a BOA001  |b 2-1171.053 
990 |a BK 
995 |a 01 
991 |b 200607  |c NOV 
996 6 |b 2610283990  |c 2-1171.053  |l MZK  |r Sklad / do 1 hodiny  |n 11  |p p.v.  |w 000820623  |u 000010  |a 1  |e BOA001  |j MZK50  |s P 
996 7 |b 2610285418  |c 2-1171.053  |l MZK  |r Sklad / do 1 hodiny  |n 13  |p kup  |w 000820623  |u 000020  |a 1  |e BOA001  |j MZK50  |s A